000 00721nam a2200217 i 4500
001 14381
003 ES-MaACL
005 20250928145031.0
007 t|
008 920615s1992 sp ab |||| | spa j
080 _a903(460.356 Ardales)
245 0 0 _aCueva de Ardales
_b: su recuperación y estudio /
_cJosé Ramos Muñoz ... [et al.].
250 _a1ª ed.
260 _aArdales, Malaga :
_bAyuntamiento,
_c1992.
300 _a233 p., [1] h. de map. pleg :
_bil ;
_c24 cm.
504 _aBibliografía: p. 222-230.
651 4 _aCueva de Ardales (Málaga)-
_xRestos arqueológicos prehistóricos.
_98124
700 0 _aRamos Muñoz, José
_995341
852 _aES-MaACL
_jL-21663
999 _c14381
_d14381